[Event "IMSA Masters Blitz Women"]
[Site "Hengshui CHN"]
[Date "2019.05.17"]
[Round "7.1"]
[White "Tan, Zhongyi"]
[Black "Koneru, Humpy"]
[Result "1-0"]
[WhiteTitle "GM"]
[BlackTitle "GM"]
[WhiteElo "2513"]
[BlackElo "2553"]
[WhiteFideId "8603642"]
[BlackFideId "5008123"]
[EventDate "2019.05.17"]

1. c4 e6 2. Nc3 d5 3. d4 Bb4 4. e3 Nf6 5. a3 Bxc3+ 6. bxc3 O-O 7. cxd5 exd5 8.
Bd3 c5 9. Ne2 b6 10. O-O Ba6 11. f3 Bxd3 12. Qxd3 Re8 13. Ng3 Nc6 14. Bb2 c4 15.
Qd2 Re6 16. Rae1 Qe7 17. Re2 h5 18. Rfe1 Qd7 19. e4 h4 20. Nf5 dxe4 21. Qg5 g6
22. fxe4 Rae8 23. e5 Nh7 24. Qg4 Kh8 25. Nxh4 Ne7 26. Bc1 Nd5 27. Bd2 Qe7 28.
Rf2 Rf8 29. Ref1 Re8 30. Rxf7 1-0

[Event "IMSA Masters Blitz Women"]
[Site "Hengshui CHN"]
[Date "2019.05.17"]
[Round "8.3"]
[White "Dzagnidze, Nana"]
[Black "Stefanova, Antoaneta"]
[Result "1-0"]
[WhiteTitle "GM"]
[BlackTitle "GM"]
[WhiteElo "2510"]
[BlackElo "2470"]
[WhiteFideId "13601903"]
[BlackFideId "2902257"]
[EventDate "2019.05.17"]

1. c4 e6 2. Nf3 d5 3. b3 Nf6 4. Bb2 c5 5. e3 Nc6 6. cxd5 exd5 7. Bb5 a6 8. Bxc6+
bxc6 9. O-O Bd6 10. d4 cxd4 11. Qxd4 O-O 12. h3 Re8 13. Nc3 c5 14. Qh4 Bb7 15.
Rfd1 Bf8 16. Ne2 Ne4 17. Qxd8 Raxd8 18. Rac1 a5 19. Nf4 Rd6 20. Nd2 Nxd2 21.
Rxd2 a4 22. Rxc5 Rb6 23. Rcc2 axb3 24. axb3 Rxb3 25. Nxd5 h5 26. Nf4 Be4 27. Rc4
Bb4 28. Rdd4 Rxb2 29. Rxb4 Rxb4 30. Rxb4 g6 31. h4 Kg7 32. f3 Bf5 33. e4 Be6 34.
Rb7 Kf6 35. Kf2 Ra8 36. Rb5 Ra2+ 37. Ke3 Ra3+ 38. Kf2 Ra2+ 39. Kg3 Ra6 40. Rc5
Kg7 41. Rc7 Kf6 42. Rc5 Kg7 43. Ne2 Ra2 44. Ng1 Ra6 45. Ne2 Ra2 46. Nd4 Ra6 47.
Kf4 Kf6 48. e5+ Kg7 49. g3 Ra4 50. Ke3 Ra3+ 51. Ke4 Ra4 52. Rc3 Rb4 53. Ke3 Rb6
54. Rc6 Rxc6 55. Nxc6 Bd5 56. Nd4 f6 57. f4 Kf7 58. Kd3 Ba2 59. Ke4 Bb1+ 60. Kd5
Ba2+ 61. Kd6 fxe5 62. fxe5 Ke8 1-0

[Event "IMSA Masters Blitz Women"]
[Site "Hengshui CHN"]
[Date "2019.05.17"]
[Round "8.4"]
[White "Harika, Dronavalli"]
[Black "Gunina, Valentina"]
[Result "1-0"]
[WhiteTitle "GM"]
[BlackTitle "GM"]
[WhiteElo "2492"]
[BlackElo "2506"]
[WhiteFideId "5015197"]
[BlackFideId "4167570"]
[EventDate "2019.05.17"]

1. c4 Nf6 2. Nc3 e6 3. e4 c5 4. e5 Ng8 5. Nf3 Nc6 6. d4 cxd4 7. Nxd4 Nxe5 8.
Ndb5 d6 9. Bf4 a6 10. Na3 Ng6 11. Bg3 Nf6 12. Be2 Be7 13. O-O O-O 14. Nc2 Qc7
15. Qd2 b6 16. Rfd1 Rd8 17. Rac1 Bb7 18. Ne3 Ne5 19. h3 h6 20. b3 Rac8 21. f4
Ng6 22. f5 exf5 23. Nxf5 Qc5+ 24. Nd4 Ne4 25. Nxe4 Bxe4 26. Bg4 Bg5 27. Qf2 f5
28. Nxf5 Bxc1 29. Rxc1 Rf8 30. Qxc5 dxc5 31. Nd6 Rce8 32. Nxe8 Rxe8 33. Re1 Re7
34. Bd6 Re8 35. Bc7 b5 36. Bd6 bxc4 37. bxc4 Kh7 38. Bxc5 Nh4 39. Bf2 Ng6 40. c5
Re7 41. h4 h5 42. Bxh5 Kh6 43. Bxg6 Kxg6 44. c6 Kf5 45. g4+ Kxg4 46. c7 Rxc7 47.
Rxe4+ Kf3 48. Re3+ Kf4 49. Ra3 Rc6 50. Kg2 Kg4 51. Ra4+ Kf5 52. Ra5+ Kg4 53.
Rg5+ Kf4 54. a4 g6 55. a5 Ke4 56. Bg3 Rc2+ 57. Kh3 Rc6 58. Kg4 Kd4 59. Be5+ Ke4
60. Bf4 Re6 61. Re5+ 1-0

[Event "IMSA Masters Blitz Women"]
[Site "Hengshui CHN"]
[Date "2019.05.17"]
[Round "8.6"]
[White "Ushenina, Anna"]
[Black "Abdumalik, Zhansaya"]
[Result "0-1"]
[WhiteTitle "GM"]
[BlackTitle "IM"]
[WhiteElo "2442"]
[BlackElo "2464"]
[WhiteFideId "14110911"]
[BlackFideId "13703544"]
[EventDate "2019.05.17"]

1. d4 Nf6 2. Nf3 g6 3. Nbd2 d6 4. e4 Bg7 5. Bb5+ c6 6. Bd3 O-O 7. O-O c5 8. dxc5
dxc5 9. Qe2 Nc6 10. c3 h6 11. a4 Bg4 12. Nc4 Qc7 13. h3 Be6 14. Nfd2 Nh5 15. Qe3
Rad8 16. Bc2 b6 17. f4 f5 18. exf5 Bxf5 19. Ne4 Nf6 20. Nxf6+ Bxf6 21. Bxf5 gxf5
22. Qe2 Qd7 23. Qh5 Kh7 24. Ne5 Nxe5 25. fxe5 Bg7 26. Bf4 Qc6 27. Rf3 c4 28. Kh1
Rd3 29. Raf1 Qxa4 30. Bxh6 Bxh6 31. Rxf5 Rxf5 32. Qxf5+ Kh8 33. Qg6 Bg7 34. Rf7
Qd1+ 35. Kh2 Bxe5+ 36. g3 Rd2+ 0-1

[Event "IMSA Masters Blitz Women"]
[Site "Hengshui CHN"]
[Date "2019.05.17"]
[Round "8.7"]
[White "Paehtz, Elisabeth"]
[Black "Bodnaruk, Anastasia"]
[Result "1-0"]
[WhiteTitle "IM"]
[BlackTitle "IM"]
[WhiteElo "2470"]
[BlackElo "2431"]
[WhiteFideId "4641833"]
[BlackFideId "4181751"]
[EventDate "2019.05.17"]

1. d4 Nf6 2. Nf3 g6 3. Bg5 Bg7 4. Nbd2 d5 5. c3 O-O 6. e3 c5 7. Be2 b6 8. O-O
Nc6 9. Qa4 Bb7 10. Qa3 cxd4 11. cxd4 Qd6 12. Qxd6 exd6 13. Rfc1 Ne4 14. Bf4 Rac8
15. a3 Rfd8 16. Nxe4 dxe4 17. Nd2 d5 18. Rc3 Nxd4 19. exd4 Bxd4 20. Rxc8 Rxc8
21. Rb1 Rc2 22. Bd1 Rxb2 23. Rxb2 Bxb2 24. a4 d4 25. Bb3 Kg7 26. Nc4 Bc3 27. Nd6
Bc6 28. Nb5 Bxb5 29. axb5 d3 30. Bb8 f5 31. g3 g5 32. Bxa7 Bd4 33. Bb8 Kf6 34.
Kf1 h6 35. Bc7 Ke7 36. h4 Kd7 37. Bb8 Ke7 38. hxg5 hxg5 39. Bd5 Kd7 40. g4 d2
41. Ke2 fxg4 42. Bxe4 Bxf2 43. Kxd2 g3 44. Ke2 Ke6 45. Kf3 Bc5 46. Bxg3 Be7 47.
Kg4 Bd8 48. Bc6 Kf6 49. Bf2 Kg6 50. Be3 Kh6 51. Be4 Kg7 52. Bxg5 Bc7 53. Kf5 Kf7
54. Bf4 Bd8 55. Bc6 Be7 56. Ke5 Bc5 57. Kd5 Ke7 58. Be5 Bb4 59. Bd4 Ba5 60. Bb7
Kd7 61. Ba6 Kc7 62. Be5+ Kd7 63. Kc4 Bd2 64. Bb7 Ba5 65. Bg3 Bd2 66. Bc6+ Kc8
67. Be4 Kd7 68. Kd5 Ba5 69. Bf5+ Kd8 70. Kc6 1-0

[Event "IMSA Masters Blitz Women"]
[Site "Hengshui CHN"]
[Date "2019.05.17"]
[Round "9.4"]
[White "Zhao, Xue"]
[Black "Stefanova, Antoaneta"]
[Result "0-1"]
[WhiteTitle "GM"]
[BlackTitle "GM"]
[WhiteElo "2485"]
[BlackElo "2470"]
[WhiteFideId "8601283"]
[BlackFideId "2902257"]
[EventDate "2019.05.17"]

1. c4 c6 2. Nf3 d5 3. b3 Nf6 4. Bb2 Bf5 5. g3 e6 6. Bg2 h6 7. O-O Nbd7 8. d3 Bc5
9. Nbd2 O-O 10. h3 a5 11. a3 Bh7 12. Qe1 Qc7 13. Kh2 Rfe8 14. e4 dxe4 15. dxe4
e5 16. Qe2 Bd6 17. Nh4 Nc5 18. Nf5 Bf8 19. Rad1 Rad8 20. Nb1 Nxb3 21. Nxh6+ gxh6
22. Qf3 Nxe4 23. Qxb3 Nc5 24. Qf3 Rxd1 25. Rxd1 Qb6 26. Qe2 Nd3 27. Rd2 Nxf2 28.
Bd4 Qxb1 29. Bxf2 Qf5 30. Rb2 Qd7 31. Rd2 Qe6 32. c5 e4 33. Be3 Qf6 34. Rd1 Bg6
35. Rf1 Qe6 36. Rb1 Qd7 37. Rd1 Qe7 38. h4 h5 39. Bh3 Ra8 40. Rd7 Qe5 41. Rxb7
Bxc5 42. Bxc5 Qxc5 43. Bg2 Re8 44. Qb2 e3 45. Rb8 Rxb8 46. Qxb8+ Kh7 47. Qe8
Qxa3 48. Be4 Qb2+ 49. Kh3 Qf6 50. Bxc6 Qf5+ 51. Kh2 Qf2+ 52. Kh3 e2 0-1

[Event "IMSA Masters Blitz Women"]
[Site "Hengshui CHN"]
[Date "2019.05.17"]
[Round "9.8"]
[White "Bodnaruk, Anastasia"]
[Black "Muzychuk, Mariya"]
[Result "1/2-1/2"]
[WhiteTitle "IM"]
[BlackTitle "GM"]
[WhiteElo "2431"]
[BlackElo "2563"]
[WhiteFideId "4181751"]
[BlackFideId "14114550"]
[EventDate "2019.05.17"]

1. e4 e5 2. Nf3 Nc6 3. Bc4 Bc5 4. d3 Nf6 5. Bg5 O-O 6. O-O h6 7. Bh4 Be7 8. c3
d6 9. Re1 Nh5 10. Bg3 Nxg3 11. hxg3 Kh8 12. Nbd2 f5 13. Nf1 f4 14. gxf4 Rxf4 15.
Ne3 Rf8 16. a4 Qe8 17. Nh2 Qg6 18. Qe2 Bd7 19. Kh1 Rf4 20. g3 Rff8 21. Nd5 Rac8
22. Rg1 Bf6 23. f4 Ne7 24. f5 Qg5 25. Nxf6 Qxf6 26. Qe3 Bc6 27. Rg2 d5 28. Bb5
dxe4 29. dxe4 Rcd8 30. Ng4 Qd6 31. f6 Ng8 32. fxg7+ Kxg7 33. Bc4 Qg6 34. Nf2 Nf6
35. Re1 Ng4 36. Nxg4 Qxg4 37. Kg1 Rf3 38. Qc5 Qg5 39. g4 Rf4 40. Bd5 Rxg4 41.
Re2 Qc1+ 42. Kh2 Qf4+ 43. Kh3 Qf3+ 44. Kh2 Qf4+ 45. Kh3 Qf3+ 46. Kh2 Qf4+ 47.
Kh3 Qf3+ 1/2-1/2

[Event "IMSA Masters Blitz Women"]
[Site "Hengshui CHN"]
[Date "2019.05.17"]
[Round "10.1"]
[White "Dzagnidze, Nana"]
[Black "Koneru, Humpy"]
[Result "1/2-1/2"]
[WhiteTitle "GM"]
[BlackTitle "GM"]
[WhiteElo "2510"]
[BlackElo "2553"]
[WhiteFideId "13601903"]
[BlackFideId "5008123"]
[EventDate "2019.05.17"]

1. c4 e6 2. Nf3 Nf6 3. b3 b6 4. Bb2 Bb7 5. g3 Be7 6. Bg2 O-O 7. O-O d5 8. e3
Nbd7 9. d3 c5 10. Nbd2 Rc8 11. Qe2 Qc7 12. a3 Qb8 13. e4 dxe4 14. dxe4 e5 15.
Rad1 Rcd8 16. Nh4 Rfe8 17. Nf5 Nf8 18. f4 Ng6 19. fxe5 Nxe5 20. Nf3 Rxd1 21.
Rxd1 Nfg4 22. Nxe5 Nxe5 23. Ne3 Bf8 24. Nd5 Nc6 25. Qg4 Kh8 26. Rf1 Ne5 27. Bxe5
Qxe5 28. Rxf7 Qd4+ 29. Kh1 Bxd5 30. cxd5 c4 31. bxc4 Bxa3 32. Rf1 Bc5 33. Qd7
Rf8 34. Rxf8+ Bxf8 35. h3 h6 36. Qc8 Qf6 37. e5 Qf2 38. d6 Kh7 39. Be4+ g6 40.
Qd7+ Bg7 41. Bg2 Qxg3 42. Qe7 Qe1+ 43. Kh2 Qxe5+ 44. Kh1 Qa1+ 45. Kh2 Qe5+ 46.
Kg1 Qd4+ 47. Kf1 Qd1+ 48. Kf2 Qd2+ 49. Kf3 Qd3+ 50. Kf2 Qd4+ 51. Kf1 Qd1+ 52.
Kf2 Qd2+ 1/2-1/2

[Event "IMSA Masters Blitz Women"]
[Site "Hengshui CHN"]
[Date "2019.05.17"]
[Round "10.3"]
[White "Lei, Tingjie"]
[Black "Harika, Dronavalli"]
[Result "1-0"]
[WhiteTitle "GM"]
[BlackTitle "GM"]
[WhiteElo "2507"]
[BlackElo "2492"]
[WhiteFideId "8605114"]
[BlackFideId "5015197"]
[EventDate "2019.05.17"]

1. c4 e6 2. d4 d5 3. Nf3 Nf6 4. g3 dxc4 5. Bg2 Bb4+ 6. Bd2 a5 7. Qc2 Bxd2+ 8.
Qxd2 c6 9. a4 Ne4 10. Qf4 Qb6 11. O-O Qxb2 12. Ne5 O-O 13. Na3 Nc3 14. Qe3 Nd5
15. Bxd5 exd5 16. Rfb1 Qb4 17. Rxb4 axb4 18. Naxc4 dxc4 19. Nxc4 Be6 20. Nb6 Ra6
21. a5 b3 22. d5 cxd5 23. Qxb3 Nc6 24. Nxd5 Nxa5 25. Ne7+ Kh8 26. Qc3 Nc4 27.
Rxa6 bxa6 28. f4 Nd6 29. Qc5 Rd8 30. f5 Nxf5 31. Nxf5 Bxf5 32. Qxf5 Kg8 33. Qa5
Re8 34. Qxa6 h6 35. Kf2 Re6 36. Qc8+ Kh7 37. e3 Rf6+ 38. Ke2 Re6 39. g4 Rf6 40.
h4 Re6 41. Qd7 Kg8 42. Kf3 g6 43. e4 Kg7 44. Ke3 Kg8 45. Kd4 Kg7 46. Qxe6 fxe6
47. Ke5 Kf7 48. Kd6 e5 49. Kxe5 Ke7 50. Kd5 Kd7 51. e5 Ke7 52. e6 Ke8 53. Kd6
Kd8 54. e7+ Ke8 55. Ke6 g5 56. hxg5 hxg5 57. Kf6 1-0

[Event "IMSA Masters Blitz Women"]
[Site "Hengshui CHN"]
[Date "2019.05.17"]
[Round "10.4"]
[White "Stefanova, Antoaneta"]
[Black "Zhao, Xue"]
[Result "1/2-1/2"]
[WhiteTitle "GM"]
[BlackTitle "GM"]
[WhiteElo "2470"]
[BlackElo "2485"]
[WhiteFideId "2902257"]
[BlackFideId "8601283"]
[EventDate "2019.05.17"]

1. d4 Nf6 2. Nc3 d5 3. Bf4 e6 4. e3 Bd6 5. Bg3 b6 6. Nf3 Bxg3 7. hxg3 Nbd7 8.
Ne2 Qe7 9. c3 Bb7 10. Nf4 O-O-O 11. a4 a6 12. a5 b5 13. Nd3 c5 14. dxc5 Nxc5 15.
Nxc5 Qxc5 16. Qd4 Qc7 17. Qa7 Ne4 18. Be2 e5 19. Bd3 f6 20. O-O h5 21. Rfd1 Nc5
22. Bf5+ Nd7 23. e4 dxe4 24. Nd2 Qb8 25. Qe3 Qc7 26. Nxe4 Kb8 27. Nd6 Nc5 28.
Nxb7 Nxb7 29. b4 h4 30. g4 Nd6 31. Rd3 Nc4 32. Qe2 Rxd3 33. Bxd3 Rc8 34. Bf5 Rd8
35. Rd1 Rxd1+ 36. Qxd1 Qd6 37. Qf3 Nd2 38. Qe2 Nc4 39. Qf3 Nd2 40. Qe3 Nc4 41.
Qf3 Nd2 42. Qe2 Nc4 1/2-1/2

[Event "IMSA Masters Blitz Women"]
[Site "Hengshui CHN"]
[Date "2019.05.17"]
[Round "10.8"]
[White "Muzychuk, Mariya"]
[Black "Bodnaruk, Anastasia"]
[Result "0-1"]
[WhiteTitle "GM"]
[BlackTitle "IM"]
[WhiteElo "2563"]
[BlackElo "2431"]
[WhiteFideId "14114550"]
[BlackFideId "4181751"]
[EventDate "2019.05.17"]

1. e4 c5 2. Nf3 d6 3. Bb5+ Nd7 4. d4 cxd4 5. Qxd4 a6 6. Bxd7+ Bxd7 7. c4 e5 8.
Qd3 Nf6 9. Nc3 h6 10. O-O Be7 11. b3 Qc7 12. a4 O-O 13. Ba3 Be6 14. Rfd1 Rfd8
15. Nd2 Nd7 16. Nf1 Nc5 17. Qc2 Bg5 18. Bc1 Qe7 19. Bxg5 Qxg5 20. Ne3 a5 21. Rd2
Rac8 22. Rad1 Rc6 23. Nb5 Qe7 24. f3 b6 25. Nd5 Bxd5 26. Rxd5 Na6 27. Qf2 Nc5
28. Qe3 Rd7 29. R5d2 Qe6 30. Qc3 Rd8 31. Qc2 Rd7 32. Nc3 Qg6 33. Nd5 Ne6 34. Qc3
Nd4 35. Qe3 f5 36. exf5 Qxf5 37. Qd3 Qxd3 38. Rxd3 Kf7 39. Kf2 Ke6 40. f4 Rd8
41. g3 Rf8 42. Kg2 g5 43. fxe5 dxe5 44. Re1 Kd6 45. Nc3 Rf5 46. Nb5+ Kc5 47.
Nxd4 exd4 48. Re4 Rd6 49. g4 Rf7 50. Re5+ Kb4 51. Rb5+ Ka3 52. Rd5 Rfd7 53. Rxd6
Rxd6 54. Kf3 Kb4 55. Ke4 Kc5 56. Ke5 Rd8 57. Kf5 Re8 58. Kg6 Re6+ 59. Kg7 Re3
60. Rd1 Rh3 61. Kg6 d3 62. Kf5 Kd4 63. Ke6 Kc3 64. Kd5 Kc2 65. Rf1 d2 0-1

[Event "IMSA Masters Blitz Women"]
[Site "Hengshui CHN"]
[Date "2019.05.17"]
[Round "11.3"]
[White "Dzagnidze, Nana"]
[Black "Gunina, Valentina"]
[Result "0-1"]
[WhiteTitle "GM"]
[BlackTitle "GM"]
[WhiteElo "2510"]
[BlackElo "2506"]
[WhiteFideId "13601903"]
[BlackFideId "4167570"]
[EventDate "2019.05.17"]

1. c4 c6 2. Nf3 d5 3. b3 Nf6 4. Bb2 Bf5 5. g3 e6 6. Bg2 h6 7. O-O Nbd7 8. d3 Bc5
9. Nbd2 O-O 10. Qc2 a5 11. e4 dxe4 12. Nxe4 Nxe4 13. dxe4 Bh7 14. Rad1 Qe7 15.
Qc3 Nf6 16. e5 Ne4 17. Qc1 Rfd8 18. Nd4 Ba7 19. Kh1 Rd7 20. Qe3 Nc5 21. f4 Rad8
22. Ba3 Qe8 23. Bf3 Nd3 24. Bd6 Rxd6 25. exd6 Rxd6 26. Rxd3 Bxd3 27. Qxd3 Rxd4
28. Qe2 Qd7 29. Rd1 g6 30. Kg2 Bc5 31. Kf1 h5 32. Kg2 Qd6 33. Kf1 Bb6 34. Kg2
Qc5 35. Rxd4 Qxd4 36. Qd1 Qf2+ 37. Kh3 Qxa2 38. Be2 Qb2 39. Qd3 Bd4 40. Kg2 Bf6
41. h3 h4 42. g4 Qc1 43. Bd1 Qxf4 44. Bc2 Be5 45. Kg1 Qh2+ 46. Kf1 Bg3 47. Qd8+
Kg7 48. Qd4+ e5 49. Qe4 Qf2# 0-1

[Event "IMSA Masters Blitz Women"]
[Site "Hengshui CHN"]
[Date "2019.05.17"]
[Round "11.7"]
[White "Abdumalik, Zhansaya"]
[Black "Bodnaruk, Anastasia"]
[Result "1-0"]
[WhiteTitle "IM"]
[BlackTitle "IM"]
[WhiteElo "2464"]
[BlackElo "2431"]
[WhiteFideId "13703544"]
[BlackFideId "4181751"]
[EventDate "2019.05.17"]

1. e4 c5 2. Nf3 d6 3. d4 cxd4 4. Nxd4 Nf6 5. Nc3 a6 6. h3 e6 7. g4 Be7 8. Be3 b5
9. Bg2 Bb7 10. g5 Nfd7 11. h4 Nc6 12. a3 Rc8 13. Qe2 Nce5 14. Nb3 Nc4 15. Bc1
O-O 16. Nd4 Qb6 17. Nf3 Nde5 18. O-O f6 19. Nh2 fxg5 20. hxg5 Ng6 21. Qg4 Kh8
22. Qxe6 Qc5 23. Nd5 Bxd5 24. Qxd5 Qc7 25. b3 Nb6 26. Qd4 Qc5 27. Bb2 Qxd4 28.
Bxd4 Nd7 29. Bh3 Rc7 30. Be3 Nf4 31. Bxf4 Rxf4 32. Rad1 Ne5 33. Rd2 g6 34. a4 b4
35. f3 Rc6 36. Rfd1 Nxf3+ 37. Nxf3 Rxf3 38. Bg2 Rg3 39. e5 dxe5 40. Kh2 Rcc3 41.
Rd7 Bxg5 42. Rb7 Bf6 43. Rdd7 h5 44. Rf7 Bg7 45. Rxg7 Rge3 46. Rge7 Rc8 47. Rxb4
Re2 48. c4 Rd8 49. Rbb7 e4 50. Rxe4 Rb2 51. Ree7 a5 52. Red7 Re8 53. Ra7 g5 54.
Rxa5 Kg8 55. Rxg5+ 1-0

[Event "IMSA Masters Blitz Women"]
[Site "Hengshui CHN"]
[Date "2019.05.17"]
[Round "11.8"]
[White "Ushenina, Anna"]
[Black "Muzychuk, Mariya"]
[Result "0-1"]
[WhiteTitle "GM"]
[BlackTitle "GM"]
[WhiteElo "2442"]
[BlackElo "2563"]
[WhiteFideId "14110911"]
[BlackFideId "14114550"]
[EventDate "2019.05.17"]

1. d4 Nf6 2. Nf3 g6 3. Nbd2 d5 4. b4 Bg7 5. c4 c6 6. e3 O-O 7. a4 a5 8. b5 c5 9.
Bb2 Nbd7 10. Rc1 cxd4 11. Bxd4 b6 12. cxd5 Nxd5 13. Bxg7 Kxg7 14. Nc4 N7f6 15.
Be2 Bf5 16. Qd4 Rc8 17. O-O Be4 18. Nfe5 Nf4 19. Qb2 Nxe2+ 20. Qxe2 Rc5 21. Qb2
Qc7 22. Nd2 Bb7 23. Nb3 Qxe5 24. Qxe5 Rxe5 25. Rc7 Rb8 26. Rfc1 Nd5 27. Rd7 Rc8
28. Rxb7 Rxc1+ 29. Nxc1 Re4 30. Nd3 Rxa4 31. g3 Ra3 32. Ne5 Rb3 33. e4 Nc3 34.
Rxe7 Rxb5 35. f4 a4 36. Rxf7+ Kg8 37. Rc7 Nxe4 38. Rc4 Nc5 39. Rd4 a3 40. Rd8+
Kg7 41. Rd2 Rb2 42. Rd1 a2 43. Nc4 Rb1 0-1

[Event "IMSA Masters Blitz Women"]
[Site "Hengshui CHN"]
[Date "2019.05.17"]
[Round "12.1"]
[White "Koneru, Humpy"]
[Black "Lei, Tingjie"]
[Result "1-0"]
[WhiteTitle "GM"]
[BlackTitle "GM"]
[WhiteElo "2553"]
[BlackElo "2507"]
[WhiteFideId "5008123"]
[BlackFideId "8605114"]
[EventDate "2019.05.17"]

1. d4 Nf6 2. c4 g6 3. g3 c6 4. Bg2 d5 5. cxd5 cxd5 6. Nf3 Bg7 7. O-O O-O 8. Nc3
b6 9. Bf4 Bb7 10. Rc1 Nc6 11. Ne5 Rc8 12. Qd2 e6 13. Nb5 Ne4 14. Bxe4 dxe4 15.
Nxc6 Rxc6 16. Rxc6 Bxc6 17. Nxa7 Bb7 18. Nb5 h6 19. Bd6 Re8 20. Qb4 Qd7 21. Rc1
Bc6 22. a4 e3 23. f3 Rd8 24. Bc7 Bf8 25. Qc3 Rc8 26. Qxc6 1-0

[Event "IMSA Masters Blitz Women"]
[Site "Hengshui CHN"]
[Date "2019.05.17"]
[Round "12.2"]
[White "Stefanova, Antoaneta"]
[Black "Tan, Zhongyi"]
[Result "0-1"]
[WhiteTitle "GM"]
[BlackTitle "GM"]
[WhiteElo "2470"]
[BlackElo "2513"]
[WhiteFideId "2902257"]
[BlackFideId "8603642"]
[EventDate "2019.05.17"]

1. d4 Nf6 2. Nc3 g6 3. e4 d6 4. f4 Bg7 5. a3 O-O 6. Nf3 Nc6 7. Be2 e5 8. d5 Nb8
9. fxe5 dxe5 10. O-O c6 11. Bg5 h6 12. Bh4 Qe8 13. dxc6 bxc6 14. Qd6 Nbd7 15.
Rad1 Kh7 16. b4 Ng4 17. Qxc6 Rb8 18. Rd6 Rb6 19. Qc7 Rxd6 20. Qxd6 Ne3 21. Rc1
f5 22. Qe7 Bb7 23. Qxe8 Rxe8 24. Bb5 Rc8 25. Be1 Nb6 26. exf5 gxf5 27. Na4 e4
28. Nh4 Rxc2 29. Rb1 Bf6 30. Nxb6 axb6 31. Bf2 Ng4 32. Bxb6 Bxh4 33. Bd7 Kg6 34.
Be8+ Kf6 35. Bd8+ Ke5 36. Bxh4 e3 37. Bg3+ f4 38. Bxf4+ Kxf4 39. g3+ Ke5 40. Bb5
Rg2+ 41. Kf1 Nxh2+ 42. Ke1 Nf3+ 43. Kd1 Rg1+ 44. Kc2 Be4+ 45. Kc3 Rxb1 0-1

[Event "IMSA Masters Blitz Women"]
[Site "Hengshui CHN"]
[Date "2019.05.17"]
[Round "12.3"]
[White "Gunina, Valentina"]
[Black "Dzagnidze, Nana"]
[Result "1-0"]
[WhiteTitle "GM"]
[BlackTitle "GM"]
[WhiteElo "2506"]
[BlackElo "2510"]
[WhiteFideId "4167570"]
[BlackFideId "13601903"]
[EventDate "2019.05.17"]

1. e4 e6 2. d4 d5 3. Nd2 c5 4. Ngf3 Nc6 5. exd5 exd5 6. Bb5 Bd6 7. dxc5 Bxc5 8.
O-O Nf6 9. Nb3 Bb6 10. Re1+ Be6 11. Nbd4 O-O 12. Bg5 Bd7 13. Bxc6 bxc6 14. Ne5
Rc8 15. Re3 Re8 16. Qd2 c5 17. Nxd7 Qxd7 18. Rxe8+ Rxe8 19. Bxf6 gxf6 20. Nf3
Qf5 21. Rd1 c4 22. c3 Rd8 23. Qe2 Qe6 24. Qd2 Qf5 25. h3 Kg7 26. Nd4 Qg5 27. Qe2
Bxd4 28. Rxd4 h5 29. Qf3 Qe5 30. g3 Rd6 31. Kg2 a6 32. Rh4 Kg6 33. g4 Qg5 34.
Rxh5 Qd2 35. Qf5+ Kg7 36. Rh7+ Kg8 37. Qh5 Rd7 38. Rh8+ Kg7 39. Qh7# 1-0

[Event "IMSA Masters Blitz Women"]
[Site "Hengshui CHN"]
[Date "2019.05.17"]
[Round "12.6"]
[White "Zhao, Xue"]
[Black "Khotenashvili, Bela"]
[Result "0-1"]
[WhiteTitle "GM"]
[BlackTitle "GM"]
[WhiteElo "2485"]
[BlackElo "2476"]
[WhiteFideId "8601283"]
[BlackFideId "13602640"]
[EventDate "2019.05.17"]

1. c4 g6 2. Nf3 Bg7 3. d4 c5 4. d5 d6 5. e4 e6 6. h3 Ne7 7. Bd3 O-O 8. O-O exd5
9. cxd5 a6 10. a4 h6 11. Re1 Nd7 12. Na3 g5 13. Nc4 Nb6 14. Ne3 Rb8 15. a5 Nd7
16. Nc4 Nf6 17. Bd2 Ng6 18. Bc3 Re8 19. Rc1 Nf4 20. Bf1 Nxe4 21. Bxg7 Kxg7 22.
b4 Bf5 23. bxc5 dxc5 24. d6 Re6 25. g3 Nxh3+ 26. Bxh3 Bxh3 27. Qd5 Nf6 28. Qxc5
Rxe1+ 29. Rxe1 Rc8 30. Qd4 Be6 31. Nb6 Rc6 32. d7 Bxd7 33. Ne5 Qe7 34. Rd1 Be8
35. Nd5 Nxd5 36. Nxc6+ Qf6 37. Qxf6+ Nxf6 38. Nd8 Ne4 39. Nxb7 h5 40. Rc1 Bb5
41. Nc5 Nd6 42. Rd1 Nc4 43. Ra1 Kg6 44. Nb3 f6 45. Nd4 Bd7 46. Ra2 h4 47. gxh4
gxh4 48. Nf3 h3 49. Kh2 Kf5 50. Ra4 Bxa4 0-1

[Event "IMSA Masters Blitz Women"]
[Site "Hengshui CHN"]
[Date "2019.05.17"]
[Round "12.7"]
[White "Bodnaruk, Anastasia"]
[Black "Abdumalik, Zhansaya"]
[Result "0-1"]
[WhiteTitle "IM"]
[BlackTitle "IM"]
[WhiteElo "2431"]
[BlackElo "2464"]
[WhiteFideId "4181751"]
[BlackFideId "13703544"]
[EventDate "2019.05.17"]

1. e4 e5 2. Nf3 Nc6 3. Bb5 a6 4. Ba4 Nf6 5. O-O Be7 6. Re1 b5 7. Bb3 O-O 8. a4
Bb7 9. d3 d6 10. c3 Na5 11. Ba2 c5 12. Nbd2 Qc7 13. Nf1 c4 14. Ng3 Rfe8 15. d4
Bf8 16. Bg5 Nd7 17. Nd2 h6 18. Be3 exd4 19. Bxd4 Nc6 20. Nf3 Nde5 21. Nxe5 dxe5
22. Be3 Rad8 23. Qe2 Ne7 24. axb5 axb5 25. b3 Rd3 26. bxc4 bxc4 27. Rab1 Ba6 28.
Rb6 Ra8 29. Reb1 Nc8 30. R6b2 Rxc3 31. Nf5 Ra3 32. Rc2 Nd6 33. Nxd6 Bxd6 34.
Bxc4 Rc8 35. Rbc1 Bxc4 36. Rxc4 Qxc4 37. Rxc4 Ra1+ 0-1

[Event "IMSA Masters Blitz Women"]
[Site "Hengshui CHN"]
[Date "2019.05.17"]
[Round "12.8"]
[White "Muzychuk, Mariya"]
[Black "Ushenina, Anna"]
[Result "1/2-1/2"]
[WhiteTitle "GM"]
[BlackTitle "GM"]
[WhiteElo "2563"]
[BlackElo "2442"]
[WhiteFideId "14114550"]
[BlackFideId "14110911"]
[EventDate "2019.05.17"]

1. e4 c6 2. d4 d5 3. Nc3 dxe4 4. Nxe4 Bf5 5. Ng3 Bg6 6. h4 h6 7. Nf3 Nf6 8. h5
Bh7 9. Bd3 Bxd3 10. Qxd3 e6 11. Bf4 Qa5+ 12. c3 Nbd7 13. Ne5 Be7 14. Ne4 Qd5 15.
f3 Nxe5 16. Bxe5 O-O-O 17. Qe3 Rhg8 18. Kf2 Qxe4 19. fxe4 Ng4+ 20. Ke2 Nxe3 21.
Kxe3 f6 22. Bf4 c5 23. Rad1 Rd7 24. Rd2 Rgd8 25. Rhd1 b6 26. g4 Kb7 27. d5 e5
28. Bg3 c4 29. Ke2 Bc5 30. Bf2 Bxf2 31. Kxf2 Kc7 32. b4 Ra8 33. a4 a5 34. Rb2
Kd6 35. Rdb1 Ke7 36. bxa5 Rxa5 37. Rxb6 Rxa4 38. R1b4 Rxb4 39. Rxb4 Rc7 40. Ke3
Kd6 41. Kd2 Kc5 42. Kc2 Ra7 43. Kb2 Rc7 44. Rb8 Ra7 45. Rc8+ Kb5 46. Rb8+ Kc5
47. Rc8+ Kb5 48. Rb8+ Kc5 49. Rc8+ 1/2-1/2